Batman Knowledge Test - Statistics

General Stats
  • This quiz has been taken 87 times
  • The average score is 12 of 15
Answer Stats
Hint Answer % Correct
Who is Batman's alter ego? Bruce wayne
99%
Who is Batman's arch nemesis? The Joker
99%
Who won the battle? Batman
90%
What is Batman's car called? Batmobile
90%
Who is the Jokers' girlfriend? Harley Quinn
89%
Who is Bruce Wayne's butler? Alfred Pennyworth
87%
Where is Batman's hideout Bat Cave
83%
Who played Batman in the Dark knight Trilogy? Christian Bale
81%
Where does Batman/Bruce Wayne live? Wayne Manor
75%
Who played Batman in Batman V. Superman Ben Affleck
72%
Who played Batman in Batman 1989? Michael Keaton
69%
Who played Batman in Batman and Robin George Clooney
65%
What is Batman afraid of? Bats
61%
Who is the commissioner that works with Batman? Jim Gordon
60%
Who played Batman in Batman Forever? Val Kilmer
55%
No matching quizzes found
Score Distribution
Percent of People with Each Score
Percentile by Number Answered
Your Score History
You have not taken this quiz